2022 Yankees Opening Day Starting Line-up - Statistics

General Stats
  • This quiz has been taken 125 times
  • The average score is 8 of 9
Answer Stats
Hint Answer % Correct
RF Aaron Judge
99%
DH Giancarlo Stanton
98%
1B Anthony Rizzo
96%
3B Josh Donaldson
92%
CF Aaron Hicks
86%
C Kyle Higashioka
86%
2B DJ Lemahieu
82%
LF Joey Gallo
78%
SS Isiah Kiner-Falefa
77%
No matching quizzes found
Score Distribution
Percent of People with Each Score
Percentile by Number Answered
Your Score History
You have not taken this quiz